000 00499nam a2200169Ia 4500
008 140925s9999 xx 000 0 und d
100 _aBerkeley, Calif.
245 _aHuman Development /
_cCalif Berkeley.
_h[electronic resource]
260 _bS. Karger AG, Basel,
_cc2014.
516 _aElectronic text
650 _aHuman development.
650 _aPsychology.
830 _aS. Karger AG, Basel
856 _uhttp://www.karger.com/Journal/Home/224249
942 _cEJ
999 _c275628
_d275628